Southville International School and Colleges
Your cart is empty.
  • Cart
  • Lists
    Public lists Eva Luna New books Lux_list list_1
    Your lists Log in to create your own lists
  • Log in to your account
  • Your cookies
  • Search history
Southville International School and Colleges
  • Advanced search
  • Recent comments
  • Most popular
  • Libraries

Log in to your account

Log in with GOOGLE


If you do not have an external account, but do have a local account, you can still log in:

  1. Home
  2. MARC view: The kid who became president /
Normal view MARC view ISBD view

The kid who became president / (Record no. 945)

[ view plain ]
MARC details
000 -LEADER
fixed length control field 01199cam a22003493a 4500
001 - CONTROL NUMBER
control field 12633347
003 - CONTROL NUMBER IDENTIFIER
control field OSt
005 - DATE AND TIME OF LATEST TRANSACTION
control field 20140310181649.0
008 - FIXED-LENGTH DATA ELEMENTS--GENERAL INFORMATION
fixed length control field 991027s1999 nyu j 000 1 eng d
010 ## - LIBRARY OF CONGRESS CONTROL NUMBER
LC control number 2002557467
020 ## - INTERNATIONAL STANDARD BOOK NUMBER
International Standard Book Number 0590023764 :
Terms of availability $4.50 ($5.50 Can.)
035 ## - SYSTEM CONTROL NUMBER
System control number (OCoLC)ocm42713795
040 ## - CATALOGING SOURCE
Original cataloging agency UPZ
Transcribing agency UPZ
Modifying agency DLC
042 ## - AUTHENTICATION CODE
Authentication code lccopycat
050 00 - LIBRARY OF CONGRESS CALL NUMBER
Classification number PZ 7
Item number .G984 1999
082 ## - DEWEY DECIMAL CLASSIFICATION NUMBER
Classification number KF
Item number G98k 1999
100 1# - MAIN ENTRY--PERSONAL NAME
Personal name Gutman, Dan.
9 (RLIN) 6626
245 14 - TITLE STATEMENT
Title The kid who became president /
Statement of responsibility, etc Dan Gutman
260 ## - PUBLICATION, DISTRIBUTION, ETC. (IMPRINT)
Place of publication, distribution, etc New York :
Name of publisher, distributor, etc Scholastic,
Date of publication, distribution, etc c1999.
300 ## - PHYSICAL DESCRIPTION
Extent 215 p.
Dimensions 20 cm.
541 ## - IMMEDIATE SOURCE OF ACQUISITION NOTE
-- 1
562 ## - COPY AND VERSION IDENTIFICATION NOTE
Number of copies 1
650 #1 - SUBJECT ADDED ENTRY--TOPICAL TERM
Topical term or geographic name as entry element Presidents
Form subdivision Fiction.
9 (RLIN) 6627
650 #1 - SUBJECT ADDED ENTRY--TOPICAL TERM
Topical term or geographic name as entry element Politics, Practical
Form subdivision Fiction.
9 (RLIN) 6628
655 #7 - INDEX TERM--GENRE/FORM
Genre/form data or focus term Political fiction.
Source of term lcsh
9 (RLIN) 1888
710 2# - ADDED ENTRY--CORPORATE NAME
Corporate name or jurisdiction name as entry element Copyright Paperback Collection (Library of Congress)
Institution to which field applies DLC
9 (RLIN) 705
856 42 - ELECTRONIC LOCATION AND ACCESS
Materials specified Contributor biographical information
Uniform Resource Identifier <a href="http://www.loc.gov/catdir/enhancements/fy1113/2002557467-b.html">http://www.loc.gov/catdir/enhancements/fy1113/2002557467-b.html</a>
856 42 - ELECTRONIC LOCATION AND ACCESS
Materials specified Publisher description
Uniform Resource Identifier <a href="http://www.loc.gov/catdir/enhancements/fy1113/2002557467-d.html">http://www.loc.gov/catdir/enhancements/fy1113/2002557467-d.html</a>
906 ## - LOCAL DATA ELEMENT F, LDF (RLIN)
a 7
b cbc
c copycat
d 2
e ncip
f 20
g y-genrareb
942 ## - ADDED ENTRY ELEMENTS (KOHA)
Source of classification or shelving scheme Library of Congress Classification
Koha item type
Call number prefix
Holdings
Withdrawn status Lost status Source of classification or shelving scheme Damaged status Home library Current library Shelving location Date acquired Total Checkouts Full call number Barcode Date last seen Copy number Price effective from Koha item type
    Library of Congress Classification   Luxembourg Library Luxembourg Library Kids Fiction Section 04/12/2012   PZ 7 .G984 1999 12560 08/13/2013 1 10/03/2013 Books

The kid who became president /

APA

Gutman D., Copyright Paperback Collection (Library of Congress), . (1999). The kid who became president. New York: Scholastic.

Chicago

Gutman Dan, Copyright Paperback Collection (Library of Congress), . 1999. The kid who became president. New York: Scholastic.

Harvard

Gutman D., Copyright Paperback Collection (Library of Congress), . (1999). The kid who became president. New York: Scholastic.

MLA

Gutman Dan, Copyright Paperback Collection (Library of Congress), . The kid who became president. New York: Scholastic. 1999.

  • Place hold
  • Print
  • Cite
  • Add to your cart (remove)
  • Save record
    BIBTEX Dublin Core MARCXML MARC (non-Unicode/MARC-8) MARC (Unicode/UTF-8) MARC (Unicode/UTF-8, Standard) MODS (XML) RIS
  • More searches
    Search for this title in:
    Other Libraries (WorldCat) Other Databases (Google Scholar) Online Stores (Bookfinder.com) Open Library (openlibrary.org)

Exporting to Dublin Core...

SOUTHVILLE LIBRARY

Southville International School and Colleges Library

1281 Tropical Ave. Cor. Luxembourg St., BF Homes International, Las Pinas City

Tel. No. 8256374 / 252358 Loc. 117/146

Powered by Koha